| 000 | 01623nam a2200385 c 4500 | ||
|---|---|---|---|
| 003 | BLK | ||
| 005 | 20250111102008.0 | ||
| 008 | 180407b bul|||||r ||||||| ||bul|| | ||
| 010 | _aKNG00033427000 | ||
| 020 |
_a954-585-154-6 _bиздат.: Бард - на том(т. 3) |
||
| 040 | _aBLK | ||
| 041 |
_aBUL _cBUL |
||
| 080 |
_aАмериканска литература (на САЩ) _b821.111(73) _x-312.9 _z821.111(73)-312.9 |
||
| 100 | 1 |
_aФийст, Реймънд Елиас _eпърви автор _9133852 |
|
| 700 | 1 |
_aРусинов, Валерий _eпрев. от англ. _9365206 |
|
| 139 |
_aФийст, Реймънд Елиас _bФ 47 |
||
| 245 | 1 | 0 |
_aСага за войната на разлома _bРоман : Т. 1 - _cРеймънд Елиас Фийст; прев. от англ. Валерий Русинов. _nТ. 3 _pПринц на кръвта |
| 257 | _aUSA | ||
| 260 |
_аСофия _c2000 - |
||
| 300 | _c22 см | ||
| 380 | _aX | ||
| 490 | 1 | _aСага за войната на разлома | |
| 500 | _aОфс. изд. | ||
| 505 |
_g _r _tКралският корсар |
||
| 590 | _aф | ||
| 653 | _aфантастика | ||
| 653 | _aромани | ||
| 760 | 1 |
_3- на том(т. 3) _aФийст, Реймънд Елиас _dБард, 2000 _h768 с. _nОриг. загл. Prince of the Blood ; The King's Buccaneer / Raymond E. Feist. _tТ. 3 Принц на кръвта |
|
| 852 | _aЦб 205785 | ||
| 856 | 4 |
_qpdf _u |
|
| 856 | 4 |
_qpdf _u |
|
| 942 |
_cKNG _n0 _06 |
||
| 944 |
_aCR _c15.01.2003 _lРенета Константинова _k30546 |
||
| 944 |
_aED _c13.07.2010 _lф / _k |
||
| 999 |
_c30789 _d30789 |
||